000
00324nam a22001337a 4500
008
170511b xxu||||| |||| 00| 0 eng d
020
_a
9780136084396
041
_a
eng
080
_2
5 ED
_a
331
100
_a
15
101
_a
SHJ
245
_a
LABOR RELATIONS AND COLLECTIVE BARGAIN
_c
CARRELL.M.R
942
_2
udc
_c
BK
999
_c
13266
_d
13266